Hát đố và hát đối trong sinh hoạt hò hát dân gian người Việt
Gespeichert in:
| 1. Verfasser: | |
|---|---|
| Format: | Buch |
| Sprache: | Vietnamese |
| Veröffentlicht: |
Hà Nội
Văn hóa Thông tin
2013
|
| Schlagworte: | |
| Tags: |
Tag hinzufügen
Keine Tags, Fügen Sie den ersten Tag hinzu!
|
| Thư viện lưu trữ: | Trung tâm Học liệu Lê Vũ Hùng, Trường Đại học Đồng Tháp |
|---|
| LEADER | 01007pam a22003138a 4500 | ||
|---|---|---|---|
| 001 | 00032238 | ||
| 005 | 20171026081025.0 | ||
| 008 | 140530s2013 ||||||viesd | ||
| 020 | # | # | |a 9786045004012 |
| 041 | 0 | # | |a vie |
| 082 | 1 | 4 | |a 398.809 597 |b H110Đ |
| 100 | 1 | # | |a Triều, Nguyên |
| 245 | 1 | 0 | |a Hát đố và hát đối trong sinh hoạt hò hát dân gian người Việt |c Triều Nguyên |
| 260 | # | # | |a Hà Nội |b Văn hóa Thông tin |c 2013 |
| 300 | # | # | |a 425 tr. |c 21 cm |
| 500 | # | # | |a ĐTTS ghi: Hội Văn nghệ dân gian Việt Nam |
| 504 | # | # | |a Phụ lục: tr. 409 - 418 |
| 653 | # | # | |a Hát đố |
| 653 | # | # | |a Đời sống |
| 653 | # | # | |a Văn hóa dân gian |
| 653 | # | # | |a Hát đối |
| 653 | # | # | |a Sinh hoạt |
| 653 | # | # | |a Việt Nam |
| 852 | # | # | |j KD.0015795 |
| 852 | # | # | |b Kho đọc |j KD.0015795 |
| 910 | |d 30/5/2014 | ||
| 980 | # | # | |a Trung tâm Học liệu Lê Vũ Hùng, Trường Đại học Đồng Tháp |


